000 02579cam a2200313 4500500
005 20260201113832.0
041 _afre
042 _adc
100 1 0 _aBerny, Nathalie
_eauthor
245 0 0 _aLes entrepreneurs de coalition d'ONG à Bruxelles
260 _c2014.
500 _a19
520 _aLa fin des années 1990 a vu la multiplication d’alliances européennes entre ONG dans la capitale des institutions de l’Union européenne. Parce qu’encouragée par les institutions européennes, cette évolution reflèterait le caractère artificiel de nombre de coalitions et ONG européennes. L’objectif de cet article est de contribuer à ce débat en éclairant les ressorts en interne de l’action collective au sein de deux coalitions, composées d’ONG respectivement nationales et européennes. L’analyse fait du concept d’entrepreneur une entrée analytique pour rendre compte des conditions d’émergence et de l’évolution de ces coalitions. Il s’agit ainsi de comparer leurs logiques de mobilisation des ressources afin de cerner la marge d’action dont des ONG parviennent à jouer dans l’arène européenne.
520 _aThe coalition entrepreneurs in BrusselsSince the end of the 90s, the number of European non-governmental organisations (NGOs) established in Brussels has dramatically increased. The European Union (EU) institutions have supported the establishment of many NGOs, which has given creditability to the view that these organisations and their coalitions were artificially maintained. This article engages with this view by examining the logics of collective action within two coalitions, respectively bringing together national and European NGOs. The concept of entrepreneurship offers here analytical leverage that can explain both how they emerge and how they evolve over time. The ensuing empirical discussion provides a comparison between NGOs, underscoring the leeway they can have in the EU arena.
690 _acoalition
690 _aentrepreneur
690 _agroupe d'intérêt
690 _amouvement social
690 _aorganisation non gouvernementale
690 _aUnion européenne
690 _acoalition
690 _aentrepreneur
690 _aEuropean union
690 _ainterest group
690 _anon-governmental organization
690 _asocial movement
786 0 _nGouvernement et action publique | VOL. 3 | 1 | 2014-03-17 | p. 75-106 | 2260-0965
856 4 1 _uhttps://shs.cairn.info/revue-gouvernement-et-action-publique-2014-1-page-75?lang=fr&redirect-ssocas=7080
999 _c1641647
_d1641647